[Event "NB2 Breyer csoport"]
[Site "Tatabanya"]
[Date "2024.11.03"]
[Round "1.11"]
[White "Labancz, Janos"]
[Black "Bak, Tamas"]
[Result "0-1"]
[WhiteElo "1768"]
[BlackElo "1848"]
[PlyCount "128"]
[EventDate "2024.11.03"]
[EventType "team-tourn"]
[EventRounds "9"]
[EventCountry "HUN"]
[Source "chess.hu"]
[SourceDate "2024.11.04"]
[WhiteTeam "Torokbalinti Sakk SE"]
[BlackTeam "Tatabanyai SC"]
[WhiteTeamCountry "HUN"]
[BlackTeamCountry "HUN"]

1. d4 d6 2. c4 Nf6 3. g3 g6 4. Bg2 Bg7 5. e3 O-O 6. Nf3 Nbd7 7. O-O c5 8. Nc3
a6 9. Re1 Rb8 10. a4 b6 11. b3 Bb7 12. Bb2 Ne4 13. Qc2 Ndf6 14. d5 Nxc3 15.
Bxc3 e5 16. e4 Bc8 17. Nd2 h5 18. h3 h4 19. Kh2 Bh6 20. Qd3 hxg3+ 21. fxg3 Nh5
22. Nf1 Kg7 23. Bd2 Rh8 24. Bxh6+ Rxh6 25. Qe3 Nf6 26. Qd2 Qh8 27. h4 Nh5 28.
Re3 g5 29. hxg5 Rg6 30. Rf3 Bg4 31. Rf2 Qh7 32. Bf3 Nf4+ 33. Kg1 Nh3+ 34. Kg2
Nxf2 35. Kxf2 Bxf3 36. Kxf3 Qh1+ 37. Qg2 Qh5+ 38. g4 Qxg5 39. Ne3 Rh8 40. Rh1
Rxh1 41. Qxh1 Qf4+ 42. Ke2 Kg8 43. Qh4 Qg5 44. Qh3 Rh6 45. Qf3 Rh2+ 46. Kd3 Qf4
47. Qxf4 exf4 48. Nf5 Rh3+ 49. Kc2 f3 50. Kd2 f2 51. Ke2 f1=Q+ 52. Kxf1 Rxb3
53. Ke2 Rb4 54. e5 Kf8 55. Nxd6 Rxa4 56. g5 b5 57. cxb5 axb5 58. Kd3 Rd4+ 59.
Ke3 Rxd5 60. Ke4 Rd4+ 61. Kf5 b4 62. g6 fxg6+ 63. Kxg6 Rxd6+ 64. exd6 b3 0-1

[Event "NB2 Breyer csoport"]
[Site "Tatabanya"]
[Date "2024.11.03"]
[Round "1.12"]
[White "Korodi, Mihaly"]
[Black "Barna, Tamas"]
[Result "0-1"]
[WhiteElo "1796"]
[BlackElo "1705"]
[PlyCount "92"]
[EventDate "2024.11.03"]
[EventType "team-tourn"]
[EventRounds "9"]
[EventCountry "HUN"]
[Source "chess.hu"]
[SourceDate "2024.11.04"]
[WhiteTeam "Tatabanyai SC"]
[BlackTeam "Torokbalinti Sakk SE"]
[WhiteTeamCountry "HUN"]
[BlackTeamCountry "HUN"]

1. d4 d5 2. c4 c6 3. e3 Nf6 4. Bd3 dxc4 5. Bxc4 e6 6. Nc3 b5 7. Bd3 Bb7 8. Nf3
Be7 9. O-O Nbd7 10. Bd2 a6 11. Qe2 c5 12. Rac1 cxd4 13. Nxd4 O-O 14. Bb1 Rc8
15. f3 Rc5 16. Nb3 Rc4 17. Qf2 Ne5 18. Rcd1 Qc7 19. Ne2 Bb4 20. Ned4 Qe7 21. a3
Bxd2 22. Nxd2 Rc7 23. Qg3 Nc4 24. Nxc4 Rxc4 25. b3 Rc3 26. e4 Nxe4 27. Bxe4
Bxe4 28. Qe5 Bg6 29. Nxb5 Rc5 30. Qd6 Qg5 31. f4 Qh5 32. Nd4 Rd5 33. Qxa6 Rfd8
34. Qc4 e5 35. f5 Bxf5 36. Nc6 Rxd1 37. Nxd8 Rxd8 38. Qc7 Re8 39. Rc1 Qg4 40.
h3 Qg5 41. Qc6 Qe3+ 42. Kh1 Rd8 43. Rc3 Rd1+ 44. Kh2 Qf4+ 45. Rg3 h6 46. b4 Rd3
0-1

[Event "NB2 Breyer csoport"]
[Site "Szekesfehervar"]
[Date "2024.11.17"]
[Round "2.1"]
[White "Miczki-Nagy, Balazs"]
[Black "Kiss, Viktor"]
[Result "0-1"]
[WhiteElo "2111"]
[BlackElo "2180"]
[PlyCount "62"]
[EventDate "2024.11.03"]
[EventType "team-tourn"]
[EventRounds "9"]
[EventCountry "HUN"]
[Source "chess.hu"]
[SourceDate "2024.11.17"]
[WhiteTeam "Torokbalinti Sakk SE"]
[BlackTeam "Fehervari SE"]
[WhiteTeamCountry "HUN"]
[BlackTeamCountry "HUN"]

1. d4 Nf6 2. c4 g6 3. Nc3 d5 4. cxd5 Nxd5 5. Bd2 Bg7 6. e4 Nb6 7. Be3 O-O 8.
Qd2 Nc6 9. Nf3 Bg4 10. O-O-O e5 11. d5 Nd4 12. Be2 Bxf3 13. gxf3 c6 14. dxc6
bxc6 15. Bh6 Qh4 16. Bxg7 Kxg7 17. Qe3 Rad8 18. Rdg1 h5 19. b3 a5 20. Bd1 Qe7
21. Ne2 a4 22. Nxd4 Rxd4 23. Bc2 Qa3+ 24. Kb1 Nc4 25. Qc1 axb3 26. Bxb3 Nd2+
27. Kc2 Qc5+ 28. Kb2 Qb4 29. Rd1 Rfd8 30. Qc2 Nc4+ 31. Ka1 Rxd1+ 0-1

[Event "NB2 Breyer csoport"]
[Site "Szekesfehervar"]
[Date "2024.11.17"]
[Round "2.2"]
[White "Papagorasz, Takisz"]
[Black "Mullner, Imre"]
[Result "1-0"]
[WhiteElo "2125"]
[BlackElo "2054"]
[PlyCount "95"]
[EventDate "2024.11.03"]
[EventType "team-tourn"]
[EventRounds "9"]
[EventCountry "HUN"]
[Source "chess.hu"]
[SourceDate "2024.11.17"]
[WhiteTeam "Fehervari SE"]
[BlackTeam "Torokbalinti Sakk SE"]
[WhiteTeamCountry "HUN"]
[BlackTeamCountry "HUN"]

1. Nf3 Nf6 2. c4 g6 3. g3 Bg7 4. Bg2 O-O 5. O-O d6 6. Nc3 c6 7. d4 Qc7 8. Qc2
e5 9. dxe5 dxe5 10. b3 Re8 11. e4 Bg4 12. Be3 Nbd7 13. Rfd1 Nf8 14. h3 Bxf3 15.
Bxf3 Ne6 16. Rac1 Red8 17. Ne2 c5 18. Nc3 Nd4 19. Bxd4 exd4 20. Nd5 Qe5 21. Bg2
Nxd5 22. cxd5 Rac8 23. f4 Qb8 24. h4 b5 25. e5 Qb6 26. Qe4 f5 27. Qd3 Bf8 28.
d6 Kg7 29. Kh2 Qa5 30. Rc2 Qb6 31. b4 cxb4 32. Rxc8 Rxc8 33. Qxd4 Qxd4 34. Rxd4
Rc4 35. Rd2 a5 36. d7 Be7 37. d8=Q Bxd8 38. Rd7+ Kf8 39. Rxd8+ Ke7 40. Rb8 Rc5
41. Rb7+ Ke6 42. Bf1 Rc2+ 43. Kh3 Rxa2 44. Rxb5 Ra3 45. Bc4+ Kd7 46. Bd5 h6 47.
h5 gxh5 48. Kh4 1-0

[Event "NB2 Breyer csoport"]
[Site "Szekesfehervar"]
[Date "2024.11.17"]
[Round "2.3"]
[White "Bereczki, Istvan"]
[Black "Szabo, Lorinc"]
[Result "1-0"]
[WhiteElo "2019"]
[BlackElo "2064"]
[PlyCount "69"]
[EventDate "2024.11.03"]
[EventType "team-tourn"]
[EventRounds "9"]
[EventCountry "HUN"]
[Source "chess.hu"]
[SourceDate "2024.11.17"]
[WhiteTeam "Torokbalinti Sakk SE"]
[BlackTeam "Fehervari SE"]
[WhiteTeamCountry "HUN"]
[BlackTeamCountry "HUN"]

1. d4 Nf6 2. Nf3 g6 3. Nc3 d5 4. Bf4 c6 5. e3 Bg7 6. Bd3 O-O 7. h3 b5 8. O-O
Nbd7 9. Qd2 a5 10. a3 Ba6 11. Rfe1 b4 12. axb4 Bxd3 13. cxd3 axb4 14. Na4 Qa5
15. b3 Nh5 16. Bh2 c5 17. g4 Nhf6 18. Nxc5 Qb5 19. Na4 Nb6 20. Nxb6 Qxb6 21.
Ne5 Qb5 22. Rec1 Ra3 23. Rab1 Ra6 24. Rc5 Qb7 25. Rbc1 Nd7 26. Nxd7 Qxd7 27.
Qxb4 h5 28. Rc7 Qe6 29. Qxe7 Qb6 30. b4 hxg4 31. hxg4 Ra2 32. Be5 Qa6 33. Bxg7
Kxg7 34. Qe5+ Kg8 35. Qxd5 1-0

[Event "NB2 Breyer csoport"]
[Site "Szekesfehervar"]
[Date "2024.11.17"]
[Round "2.4"]
[White "Fellegi, Zoltan"]
[Black "Hajdu, Roland"]
[Result "1-0"]
[WhiteElo "2061"]
[BlackElo "1862"]
[PlyCount "105"]
[EventDate "2024.11.03"]
[EventType "team-tourn"]
[EventRounds "9"]
[EventCountry "HUN"]
[Source "chess.hu"]
[SourceDate "2024.11.17"]
[WhiteTeam "Fehervari SE"]
[BlackTeam "Torokbalinti Sakk SE"]
[WhiteTeamCountry "HUN"]
[BlackTeamCountry "HUN"]

1. e4 c5 2. Nf3 Nc6 3. d4 cxd4 4. Nxd4 Nf6 5. Nc3 d6 6. Bg5 e6 7. Qd3 Ne5 8.
Qg3 a6 9. O-O-O h6 10. Be3 Neg4 11. Be2 Nxe3 12. Qxe3 e5 13. Nb3 Be7 14. Kb1
O-O 15. g3 Qc7 16. f4 b5 17. Rhg1 Bb7 18. a3 Rac8 19. Rd2 Rfd8 20. Bf3 Nd7 21.
Bg4 Nb6 22. Na5 d5 23. Bxc8 d4 24. Qe2 Bxc8 25. Na2 Nc4 26. Nxc4 bxc4 27. Ka1
Qc5 28. Rb1 f6 29. f5 a5 30. b3 Ba6 31. bxc4 Bxc4 32. Qf3 Bf7 33. Rb3 a4 34.
Rb4 Qa5 35. c3 Bxb4 36. Nxb4 Qb5 37. cxd4 Rxd4 38. Rxd4 exd4 39. Qd3 Qc5 40.
Kb2 Kf8 41. Nc2 Qb6+ 42. Kc1 Bb3 43. Nxd4 Qc5+ 44. Kb2 Qe5 45. Qc3 Qxe4 46.
Nxb3 axb3 47. Qc8+ Ke7 48. Qe6+ Qxe6 49. fxe6 f5 50. Kxb3 g5 51. Kc4 Kxe6 52.
Kd4 f4 53. gxf4 1-0

[Event "NB2 Breyer csoport"]
[Site "Szekesfehervar"]
[Date "2024.11.17"]
[Round "2.5"]
[White "Nagy, Botond"]
[Black "Nadi, Ferenc"]
[Result "1/2-1/2"]
[WhiteElo "1809"]
[BlackElo "2007"]
[PlyCount "100"]
[EventDate "2024.11.03"]
[EventType "team-tourn"]
[EventRounds "9"]
[EventCountry "HUN"]
[Source "chess.hu"]
[SourceDate "2024.11.17"]
[WhiteTeam "Torokbalinti Sakk SE"]
[BlackTeam "Fehervari SE"]
[WhiteTeamCountry "HUN"]
[BlackTeamCountry "HUN"]

1. e4 c5 2. Nf3 d6 3. d4 cxd4 4. Nxd4 Nf6 5. f3 e5 6. Bb5+ Nbd7 7. Nf5 Qc7 8.
Be2 Nb6 9. Ne3 Be6 10. c4 Be7 11. O-O O-O 12. Na3 a6 13. Bd2 Nfd7 14. Rc1 Rac8
15. Nd5 Bxd5 16. cxd5 Qb8 17. Qb3 Rxc1 18. Rxc1 Rc8 19. Rc3 Rxc3 20. Qxc3 Na4
21. Qb4 b5 22. b3 Nac5 23. Nc2 Bd8 24. Qa3 Qb7 25. Nb4 Nb8 26. Be3 Bb6 27. Qc1
a5 28. Nc2 b4 29. Ne1 Nbd7 30. Qc4 Kf8 31. Qb5 Ke7 32. Kf1 Qc7 33. Qc4 h6 34.
Bf2 Qa7 35. Nc2 g6 36. Ne3 h5 37. Qc1 Nb7 38. Bh4+ f6 39. Nc4 g5 40. Be1 Bc5
41. h4 gxh4 42. Qh6 a4 43. Bd1 axb3 44. Bxb3 Na5 45. Nxa5 Qxa5 46. Bxh4 Qb5+
47. Ke1 Qd3 48. Qd2 Qb1+ 49. Qd1 Qb2 50. Qd2 Qa1+ 1/2-1/2

[Event "NB2 Breyer csoport"]
[Site "Szekesfehervar"]
[Date "2024.11.17"]
[Round "2.6"]
[White "Grull, Denes"]
[Black "Nagy, Levente"]
[Result "1/2-1/2"]
[WhiteElo "1932"]
[BlackElo "1812"]
[PlyCount "58"]
[EventDate "2024.11.03"]
[EventType "team-tourn"]
[EventRounds "9"]
[EventCountry "HUN"]
[Source "chess.hu"]
[SourceDate "2024.11.17"]
[WhiteTeam "Fehervari SE"]
[BlackTeam "Torokbalinti Sakk SE"]
[WhiteTeamCountry "HUN"]
[BlackTeamCountry "HUN"]

1. d4 Nf6 2. Bf4 g6 3. Nd2 Bg7 4. e4 d6 5. Ngf3 c5 6. dxc5 dxc5 7. c3 O-O 8.
Bc4 b6 9. O-O Ba6 10. Bxa6 Nxa6 11. Qe2 Nc7 12. a4 Ne6 13. Be5 Bh6 14. h3 Nf4
15. Bxf4 Bxf4 16. Nb3 Bh6 17. e5 Nd5 18. Rfd1 Nf4 19. Qe4 Qc7 20. c4 Rad8 21.
Kh2 f6 22. g3 Nh5 23. Rxd8 Rxd8 24. a5 f5 25. Qe2 Ng7 26. Rd1 e6 27. Rd3 Ne8
28. Qd1 Rxd3 29. Qxd3 Bg7 1/2-1/2

[Event "NB2 Breyer csoport"]
[Site "Szekesfehervar"]
[Date "2024.11.17"]
[Round "2.7"]
[White "Bilibok, Csaba"]
[Black "Kecskemeti, Attila"]
[Result "1-0"]
[WhiteElo "1831"]
[BlackElo "1918"]
[PlyCount "81"]
[EventDate "2024.11.03"]
[EventType "team-tourn"]
[EventRounds "9"]
[EventCountry "HUN"]
[Source "chess.hu"]
[SourceDate "2024.11.17"]
[WhiteTeam "Torokbalinti Sakk SE"]
[BlackTeam "Fehervari SE"]
[WhiteTeamCountry "HUN"]
[BlackTeamCountry "HUN"]

1. Nf3 d5 2. d4 e6 3. c4 a6 4. e3 Nf6 5. a3 Be7 6. Nc3 O-O 7. cxd5 exd5 8. h3
Bf5 9. Bd3 Ne4 10. Bxe4 dxe4 11. Nd2 Re8 12. Ndxe4 Bh4 13. Qf3 Bxe4 14. Nxe4 c6
15. O-O Nd7 16. Nd6 Re7 17. Nf5 Re6 18. Qg4 Bg5 19. e4 Rg6 20. Bxg5 Rxg5 21.
Qf4 Rg6 22. e5 Nf8 23. Qh4 Rg5 24. Qe4 Qd7 25. g4 Rg6 26. Rad1 Re8 27. f4 h5
28. g5 Ne6 29. Nh4 Nxg5 30. fxg5 Rxg5+ 31. Kh2 f6 32. Qf4 Qd5 33. Nf3 Rg6 34.
Rg1 Rxg1 35. Rxg1 fxe5 36. Nxe5 Rf8 37. Qg3 Rf7 38. Nxf7 Qxf7 39. Rg2 Qf6 40.
Qe5 Kf7 41. Qxf6+ 1-0

[Event "NB2 Breyer csoport"]
[Site "Szekesfehervar"]
[Date "2024.11.17"]
[Round "2.8"]
[White "Varga, Istvan"]
[Black "Palinkas, Tamas"]
[Result "1-0"]
[WhiteElo "1985"]
[BlackElo "1813"]
[PlyCount "65"]
[EventDate "2024.11.03"]
[EventType "team-tourn"]
[EventRounds "9"]
[EventCountry "HUN"]
[Source "chess.hu"]
[SourceDate "2024.11.17"]
[WhiteTeam "Fehervari SE"]
[BlackTeam "Torokbalinti Sakk SE"]
[WhiteTeamCountry "HUN"]
[BlackTeamCountry "HUN"]

1. f4 g6 2. e4 d6 3. d4 Bg7 4. Nf3 e6 5. Bd3 Ne7 6. c3 O-O 7. Be3 f5 8. e5 d5
9. Nbd2 Bd7 10. Qe2 Qe8 11. Nb3 b6 12. h3 a5 13. g4 a4 14. Nbd2 Ra5 15. g5 c5
16. h4 c4 17. Bc2 Nbc6 18. Nf1 b5 19. a3 Ra8 20. Ng3 Rb8 21. h5 Rf7 22. Qh2 Rf8
23. Nh4 Ra8 24. Bd1 Qc8 25. hxg6 hxg6 26. Nxg6 Nxg6 27. Qh7+ Kf7 28. Bh5 Nce7
29. Bxg6+ Nxg6 30. Rh6 Rg8 31. Rxg6 Kf8 32. Nh5 Be8 33. Rxg7 1-0

[Event "NB2 Breyer csoport"]
[Site "Szekesfehervar"]
[Date "2024.11.17"]
[Round "2.9"]
[White "Lengyel, Sandor"]
[Black "Kerekes, Laszlo Fulop"]
[Result "1-0"]
[WhiteElo "1815"]
[BlackElo "1705"]
[PlyCount "109"]
[EventDate "2024.11.03"]
[EventType "team-tourn"]
[EventRounds "9"]
[EventCountry "HUN"]
[Source "chess.hu"]
[SourceDate "2024.11.17"]
[WhiteTeam "Torokbalinti Sakk SE"]
[BlackTeam "Fehervari SE"]
[WhiteTeamCountry "HUN"]
[BlackTeamCountry "HUN"]

1. e4 c5 2. c3 d6 3. d4 cxd4 4. cxd4 Nf6 5. Nc3 g6 6. Nf3 Bg7 7. Bd3 O-O 8. O-O
Bg4 9. h3 Bxf3 10. Qxf3 Nc6 11. Be3 Nd7 12. d5 Nce5 13. Qe2 Nxd3 14. Qxd3 f5
15. f4 Nc5 16. Bxc5 dxc5 17. e5 Qb6 18. Qb5 Qxb5 19. Nxb5 Rfc8 20. Rad1 a6 21.
Nc3 b5 22. d6 exd6 23. Rxd6 Rd8 24. Rfd1 Rxd6 25. Rxd6 Ra7 26. Kf2 Kf7 27. Ke3
Ke8 28. Rb6 Kd8 29. Rb8+ Kd7 30. g4 Ke6 31. Rb6+ Kf7 32. Rc6 c4 33. Nd5 fxg4
34. hxg4 Ke8 35. Rc7 Rxc7 36. Nxc7+ Kd7 37. Nxa6 Bf8 38. Kd4 h5 39. gxh5 gxh5
40. f5 Kc6 41. f6 Kd7 42. Kd5 h4 43. e6+ Ke8 44. e7 Bxe7 45. fxe7 Kxe7 46. Nc5
h3 47. Ne4 h2 48. Nf2 Kf7 49. Kc5 Kg6 50. Kxb5 Kg5 51. a4 Kf4 52. a5 Kg3 53.
Nh1+ Kg2 54. a6 Kxh1 55. a7 1-0

[Event "NB2 Breyer csoport"]
[Site "Szekesfehervar"]
[Date "2024.11.17"]
[Round "2.10"]
[White "Fekete, Csaba"]
[Black "Kovacs, Andras"]
[Result "1-0"]
[WhiteElo "1721"]
[BlackElo "1789"]
[PlyCount "65"]
[EventDate "2024.11.03"]
[EventType "team-tourn"]
[EventRounds "9"]
[EventCountry "HUN"]
[Source "chess.hu"]
[SourceDate "2024.11.17"]
[WhiteTeam "Fehervari SE"]
[BlackTeam "Torokbalinti Sakk SE"]
[WhiteTeamCountry "HUN"]
[BlackTeamCountry "HUN"]

1. e4 d5 2. exd5 Qxd5 3. Nc3 Qa5 4. d4 Nf6 5. Nf3 Bf5 6. Bd3 Bxd3 7. Qxd3 c6 8.
Bd2 Qd8 9. O-O e6 10. Rfe1 Be7 11. Ne4 Nbd7 12. Rad1 O-O 13. Nfg5 Nxe4 14. Nxe4
Nf6 15. Re3 Nxe4 16. Qxe4 Qd5 17. Qd3 Bf6 18. c3 g6 19. Rh3 Qf5 20. Qe3 Bg7 21.
Re1 Rae8 22. Qg3 e5 23. Qh4 h5 24. Rhe3 Qc2 25. R3e2 Rd8 26. Bg5 Qxe2 27. Rxe2
f6 28. Be3 exd4 29. Bxd4 c5 30. g3 cxd4 31. cxd4 Rd7 32. Qe4 Rfd8 33. Qxg6 1-0

[Event "NB2 Breyer csoport"]
[Site "Szekesfehervar"]
[Date "2024.11.17"]
[Round "2.11"]
[White "Labancz, Janos"]
[Black "Hortobagyi, Luca"]
[Result "0-1"]
[WhiteElo "1768"]
[BlackElo "1695"]
[PlyCount "80"]
[EventDate "2024.11.03"]
[EventType "team-tourn"]
[EventRounds "9"]
[EventCountry "HUN"]
[Source "chess.hu"]
[SourceDate "2024.11.17"]
[WhiteTeam "Torokbalinti Sakk SE"]
[BlackTeam "Fehervari SE"]
[WhiteTeamCountry "HUN"]
[BlackTeamCountry "HUN"]

1. d4 Nf6 2. c4 e5 3. dxe5 Ng4 4. e6 fxe6 5. e3 Nf6 6. Nf3 Nc6 7. a3 e5 8. Nc3
d6 9. Be2 Be6 10. O-O h6 11. Nh4 Bf7 12. Qc2 Ne7 13. b4 Qd7 14. Bd3 g5 15. Ng6
Rg8 16. Nxe7 Bxe7 17. Bf5 Be6 18. Bg6+ Rxg6 19. Qxg6+ Bf7 20. Qd3 Qe6 21. Nd5
O-O-O 22. Nxe7+ Qxe7 23. Bb2 Kb8 24. Rfd1 Nd7 25. Rac1 Qf6 26. c5 d5 27. c6
bxc6 28. Qa6 Nb6 29. Rc5 Rf8 30. Ra5 Bh5 31. f3 Nc4 32. Qxa7+ Kc8 33. Bxe5 Nxe5
34. Qc5 Rf7 35. b5 Bxf3 36. bxc6 Nxc6 37. Ra8+ Kb7 38. Qb5+ Kxa8 39. Qa6+ Na7
40. Rb1 Qxa6 0-1

[Event "NB2 Breyer csoport"]
[Site "Szekesfehervar"]
[Date "2024.11.17"]
[Round "2.12"]
[White "Kizman, Adam"]
[Black "Barna, Tamas"]
[Result "0-1"]
[WhiteElo "1594"]
[BlackElo "1705"]
[PlyCount "56"]
[EventDate "2024.11.03"]
[EventType "team-tourn"]
[EventRounds "9"]
[EventCountry "HUN"]
[Source "chess.hu"]
[SourceDate "2024.11.17"]
[WhiteTeam "Fehervari SE"]
[BlackTeam "Torokbalinti Sakk SE"]
[WhiteTeamCountry "HUN"]
[BlackTeamCountry "HUN"]

1. e4 c5 2. Nf3 d6 3. d4 cxd4 4. Nxd4 Nf6 5. Nc3 a6 6. Bd3 e5 7. Nb3 Be7 8. Bg5
Nbd7 9. O-O O-O 10. Qf3 b5 11. Rad1 Qc7 12. Rfe1 Bb7 13. Qh3 Rfe8 14. Re3 Nf8
15. Rf3 Bc8 16. Qg3 Ng6 17. Bxf6 Bxf6 18. Nd5 Qd8 19. Nxf6+ gxf6 20. Nc1 Kh8
21. Ne2 Rg8 22. h3 Nf4 23. Qh4 Nxg2 24. Qxf6+ Qxf6 25. Rxf6 Ne3+ 26. Kh1 Nxd1
27. b3 Be6 28. Ng3 Rg6 0-1

[Event "NB2 Breyer csoport"]
[Site "Budapest"]
[Date "2024.11.17"]
[Round "2.1"]
[White "Farkas, Gyula"]
[Black "Tomosvary, Attila"]
[Result "1/2-1/2"]
[WhiteElo "2106"]
[BlackElo "2123"]
[PlyCount "30"]
[EventDate "2024.11.03"]
[EventType "team-tourn"]
[EventRounds "9"]
[EventCountry "HUN"]
[Source "chess.hu"]
[SourceDate "2024.11.17"]
[WhiteTeam "Tatabanyai SC"]
[BlackTeam "Vizugyi SC"]
[WhiteTeamCountry "HUN"]
[BlackTeamCountry "HUN"]

1. e4 c5 2. Nf3 g6 3. d4 cxd4 4. Nxd4 Nc6 5. Nxc6 bxc6 6. Qd4 Nf6 7. e5 Nd5 8.
e6 f6 9. c4 Nc7 10. exd7+ Bxd7 11. Nc3 e5 12. Qh4 Bg7 13. Be3 Qe7 14. a3 Ne6
15. Be2 f5 1/2-1/2

[Event "NB2 Breyer csoport"]
[Site "Budapest"]
[Date "2024.11.17"]
[Round "2.2"]
[White "Mika, Janos"]
[Black "Simonics, Peter"]
[Result "1/2-1/2"]
[WhiteElo "2104"]
[BlackElo "2105"]
[PlyCount "87"]
[EventDate "2024.11.03"]
[EventType "team-tourn"]
[EventRounds "9"]
[EventCountry "HUN"]
[Source "chess.hu"]
[SourceDate "2024.11.17"]
[WhiteTeam "Vizugyi SC"]
[BlackTeam "Tatabanyai SC"]
[WhiteTeamCountry "HUN"]
[BlackTeamCountry "HUN"]

1. e4 d6 2. d4 Nf6 3. Nc3 Nbd7 4. f4 e5 5. Nf3 exd4 6. Nxd4 g6 7. Nf3 Bg7 8.
Bc4 O-O 9. O-O Nb6 10. Bb3 Bd7 11. a4 Be6 12. Bxe6 fxe6 13. Qd3 Qe7 14. a5 Nbd7
15. Qc4 c6 16. Qb4 Nc5 17. e5 Nd5 18. Nxd5 exd5 19. Be3 Ne4 20. exd6 Qxd6 21.
Qxd6 Nxd6 22. Bc5 Rfd8 23. Bxd6 Rxd6 24. Rfe1 Rad8 25. c3 d4 26. cxd4 Bxd4+ 27.
Nxd4 Rxd4 28. Re7 Rd1+ 29. Rxd1 Rxd1+ 30. Kf2 Rd2+ 31. Re2 Rd4 32. Kf3 a6 33.
Re4 Rd3+ 34. Re3 Rd4 35. Rb3 Rd7 36. g4 Kf7 37. h4 Ke6 38. Re3+ Kf7 39. g5 Rd5
40. b4 Rd4 41. Re4 Rd5 42. Ke3 c5 43. Rc4 cxb4 44. Rxb4 1/2-1/2

[Event "NB2 Breyer csoport"]
[Site "Budapest"]
[Date "2024.11.17"]
[Round "2.3"]
[White "Gaspar, David"]
[Black "Budai, Akos"]
[Result "1/2-1/2"]
[WhiteElo "2077"]
[BlackElo "1968"]
[PlyCount "85"]
[EventDate "2024.11.03"]
[EventType "team-tourn"]
[EventRounds "9"]
[EventCountry "HUN"]
[Source "chess.hu"]
[SourceDate "2024.11.17"]
[WhiteTeam "Tatabanyai SC"]
[BlackTeam "Vizugyi SC"]
[WhiteTeamCountry "HUN"]
[BlackTeamCountry "HUN"]

1. e4 c6 2. c4 d5 3. exd5 cxd5 4. cxd5 Nf6 5. Nc3 Nxd5 6. Bc4 e6 7. Nf3 Be7 8.
O-O O-O 9. Re1 Nc6 10. a3 a6 11. Qc2 Nf6 12. b4 b5 13. Bd3 Bb7 14. Bb2 Bxb4 15.
Ne4 Be7 16. Nxf6+ Bxf6 17. Bxh7+ Kh8 18. Be4 Rc8 19. Bxf6 Qxf6 20. Qc5 Na5 21.
Qh5+ Qh6 22. Qxh6+ gxh6 23. Bxb7 Nxb7 24. Reb1 Nc5 25. Kf1 Rfd8 26. d4 Na4 27.
Rc1 Kg7 28. h4 Nc3 29. Rc2 Rc7 30. Rac1 Rdc8 31. g3 Kf6 32. Ne5 a5 33. Nd3 Nd5
34. Nc5 b4 35. axb4 axb4 36. Rb2 Ke7 37. Ke2 Ra7 38. Nd3 Rxc1 39. Nxc1 Rb7 40.
Nd3 Kd6 41. Nc5 Ra7 42. Nd3 Ra4 43. Kd2 1/2-1/2

[Event "NB2 Breyer csoport"]
[Site "Budapest"]
[Date "2024.11.17"]
[Round "2.4"]
[White "Balint, Laszlo Dr"]
[Black "Nemeti, Kornel"]
[Result "1/2-1/2"]
[WhiteElo "1938"]
[BlackElo "2144"]
[PlyCount "36"]
[EventDate "2024.11.03"]
[EventType "team-tourn"]
[EventRounds "9"]
[EventCountry "HUN"]
[Source "chess.hu"]
[SourceDate "2024.11.17"]
[WhiteTeam "Vizugyi SC"]
[BlackTeam "Tatabanyai SC"]
[WhiteTeamCountry "HUN"]
[BlackTeamCountry "HUN"]

1. e4 c5 2. c4 Nc6 3. Nc3 g6 4. g3 Bg7 5. Bg2 e6 6. Nge2 Nge7 7. O-O O-O 8. d3
b6 9. f4 Bb7 10. Be3 Na5 11. f5 exf5 12. Bg5 f6 13. Bf4 fxe4 14. dxe4 Kh8 15.
Qd3 Nec6 16. b3 Ne5 17. Bxe5 fxe5 18. Rxf8+ Qxf8 1/2-1/2

[Event "NB2 Breyer csoport"]
[Site "Budapest"]
[Date "2024.11.17"]
[Round "2.5"]
[White "Sike, Tamas"]
[Black "Kulcsar, Tamas"]
[Result "1-0"]
[WhiteElo "2064"]
[BlackElo "1974"]
[PlyCount "57"]
[EventDate "2024.11.03"]
[EventType "team-tourn"]
[EventRounds "9"]
[EventCountry "HUN"]
[Source "chess.hu"]
[SourceDate "2024.11.17"]
[WhiteTeam "Tatabanyai SC"]
[BlackTeam "Vizugyi SC"]
[WhiteTeamCountry "HUN"]
[BlackTeamCountry "HUN"]

1. Nf3 Nf6 2. b3 g6 3. Bb2 Bg7 4. c4 O-O 5. Nc3 c5 6. g3 Nc6 7. Bg2 a6 8. O-O
Rb8 9. Nd5 e6 10. Nxf6+ Bxf6 11. Bxf6 Qxf6 12. e3 e5 13. d3 d6 14. Nd2 Bf5 15.
Ne4 Bxe4 16. Bxe4 Qe7 17. Qf3 Nd8 18. Bd5 Kg7 19. Rab1 Ne6 20. b4 b6 21. Rb3
Nc7 22. Rfb1 Nxd5 23. Qxd5 Qc7 24. bxc5 dxc5 25. d4 exd4 26. exd4 Rfe8 27. dxc5
bxc5 28. Rb7 Re1+ 29. Kg2 1-0

[Event "NB2 Breyer csoport"]
[Site "Budapest"]
[Date "2024.11.17"]
[Round "2.6"]
[White "Varga, Balint"]
[Black "Szekely, Csaba"]
[Result "0-1"]
[WhiteElo "1762"]
[BlackElo "2065"]
[PlyCount "82"]
[EventDate "2024.11.03"]
[EventType "team-tourn"]
[EventRounds "9"]
[EventCountry "HUN"]
[Source "chess.hu"]
[SourceDate "2024.11.17"]
[WhiteTeam "Vizugyi SC"]
[BlackTeam "Tatabanyai SC"]
[WhiteTeamCountry "HUN"]
[BlackTeamCountry "HUN"]

1. d4 Nf6 2. Bf4 c5 3. dxc5 Qa5+ 4. c3 Qxc5 5. Nf3 Nc6 6. Nbd2 d6 7. e3 g6 8.
h3 Bg7 9. Be2 O-O 10. O-O b5 11. Bg3 Bd7 12. Nd4 a6 13. Bf3 Rab8 14. Nxc6 Bxc6
15. Rc1 Bxf3 16. Qxf3 Rfc8 17. Rfe1 a5 18. e4 Nd7 19. Qe3 a4 20. a3 Ne5 21.
Qxc5 dxc5 22. Bxe5 Bxe5 23. Nf3 Bg7 24. Rc2 b4 25. cxb4 cxb4 26. Rxc8+ Rxc8 27.
e5 Rc2 28. axb4 Rxb2 29. Ra1 Rxb4 30. Kf1 f6 31. Ne1 fxe5 32. Nd3 e4 33. Nxb4
Bxa1 34. Ke2 Bd4 35. f3 exf3+ 36. gxf3 Kf7 37. Kd3 Bc5 38. Na2 Ke6 39. Kc4 Bd6
40. Nc3 Kf5 41. Ne2 Kg5 0-1

[Event "NB2 Breyer csoport"]
[Site "Budapest"]
[Date "2024.11.17"]
[Round "2.7"]
[White "Laszlo, Balazs"]
[Black "Ramadan, Erik"]
[Result "1-0"]
[WhiteElo "1950"]
[BlackElo "1716"]
[PlyCount "89"]
[EventDate "2024.11.03"]
[EventType "team-tourn"]
[EventRounds "9"]
[EventCountry "HUN"]
[Source "chess.hu"]
[SourceDate "2024.11.17"]
[WhiteTeam "Tatabanyai SC"]
[BlackTeam "Vizugyi SC"]
[WhiteTeamCountry "HUN"]
[BlackTeamCountry "HUN"]

1. e4 g6 2. d4 d6 3. Nf3 Nf6 4. Nc3 Bg7 5. Bg5 O-O 6. Qd2 Re8 7. h4 h5 8. O-O-O
a5 9. Qf4 c6 10. Bc4 b5 11. Bxf7+ Kxf7 12. e5 Bf5 13. exf6 exf6 14. Bh6 Ra7 15.
Rhe1 Rae7 16. Rxe7+ Rxe7 17. Bxg7 Kxg7 18. Nd2 d5 19. f3 Qc8 20. Rf1 b4 21. Na4
Qe8 22. Kd1 Nd7 23. g4 hxg4 24. fxg4 Be6 25. Nc5 Rf7 26. Nxe6+ Qxe6 27. Re1 Ne5
28. dxe5 fxe5 29. Qxe5+ Qxe5 30. Rxe5 Rf4 31. h5 Rxg4 32. hxg6 Rxg6 33. Re7+
Kf6 34. Re1 Rg4 35. Nb3 a4 36. Nc5 Rd4+ 37. Kc1 a3 38. b3 Kf5 39. Rf1+ Ke5 40.
Nd3+ Kd6 41. Rf6+ Kc7 42. Rf4 Rxf4 43. Nxf4 Kd6 44. Kd2 Ke5 45. Nd3+ 1-0